Statistics for County-Level Divisions of Shaanxi, China

Click here to take the quiz!

General Stats

  • This quiz has been taken 87 times
  • The average score is 63 of 107

Answer Stats

Prefecture-level City 地級市Answer% Correct
Xi'an 西安Chang'An 長安
89%
Xi'an 西安Yanta 雁塔
89%
Xi'an 西安Weiyang 未央
86%
Xi'an 西安Zhouzhi 周至
86%
Yulin 榆林Shenmu 神木
84%
Xianyang 咸陽Yangling 楊陵
84%
Xianyang 咸陽Binzhou 彬州
78%
Baoji 寶雞Chencang 陳倉
78%
Baoji 寶雞Feng County 鳳縣
78%
Yulin 榆林Dingbian 定邊
76%
Weinan 渭南Fuping 富平
76%
Weinan 渭南Huayin 華陰
76%
Xi'an 西安Lantian 藍田
76%
Yulin 榆林Mizhi 米脂
76%
Xi'an 西安Baqiao 灞橋
73%
Yulin 榆林Fugu 府谷
73%
Yan'an 延安Zhidan 志丹
73%
Yan'an 延安Baota 寶塔
70%
Xi'an 西安Beilin 碑林
70%
Yan'an 延安Huangling 黃陵
70%
Weinan 渭南Huazhou 華州
70%
Yulin 榆林Jingbian 靖邊
70%
Xi'an 西安Lintong 臨潼
70%
Xianyang 咸陽Qindu 秦都
70%
Yulin 榆林Suide 綏德
70%
Tongchuan 銅川Yaozhou 耀州
70%
Baoji 寶雞Fengxiang 鳳翔
68%
Weinan 渭南Hancheng 韓城
68%
Xi'an 西安Huyi 鄠邑
68%
Xi'an 西安Lianhu 蓮湖
68%
Baoji 寶雞Taibai 太白
68%
Weinan 渭南Tongguan 潼關
68%
Yan'an 延安Zichang 子長
68%
Yan'an 延安Ansai 安塞
65%
Weinan 渭南Dali 大荔
65%
Baoji 寶雞Fufeng 扶風
65%
Baoji 寶雞Weibin 渭濱
65%
Xi'an 西安Gaoling 高陵
62%
Shangluo 商洛Shangzhou 商州
62%
Xianyang 咸陽Wugong 武功
62%
Yan'an 延安Wuqi 吳起
62%
Xi'an 西安Xincheng 新城
62%
Yan'an 延安Yanchang 延長
62%
Xi'an 西安Yanliang 閻良
62%
Yulin 榆林Yuyang 榆陽
62%
Hanzhong 漢中Chenggu 城固
59%
Shangluo 商洛Danfeng 丹鳳
59%
Hanzhong 漢中Foping 佛坪
59%
Baoji 寶雞Linyou 麟游
59%
Tongchuan 銅川Wangyi 王益
59%
Xianyang 咸陽Xingping 興平
59%
Yan'an 延安Yanchuan 延川
59%
Hanzhong 漢中Yang County 洋縣
59%
Tongchuan 銅川Yintai 印台
59%
Ankang 安康Zhenping 鎮坪
59%
Yulin 榆林Zizhou 子洲
59%
Weinan 渭南Heyang 合陽
57%
Yan'an 延安Luochuan 洛川
57%
Baoji 寶雞Mei County 眉縣
57%
Hanzhong 漢中Nanzheng 南鄭
57%
Yulin 榆林Qingjian 清澗
57%
Shangluo 商洛Shangnan 商南
57%
Xianyang 咸陽Weicheng 渭城
57%
Hanzhong 漢中Hantai 漢台
54%
Yulin 榆林Hengshan 橫山
54%
Yulin 榆林Jia County 佳縣
54%
Weinan 渭南Linwei 臨渭
54%
Baoji 寶雞Long County 隴縣
54%
Hanzhong 漢中Mian County 勉縣
54%
Weinan 渭南Pucheng 蒲城
54%
Xianyang 咸陽Qian County 乾縣
54%
Baoji 寶雞Qianyang 千陽
54%
Ankang 安康Baihe 白河
51%
Yan'an 延安Fu County 富縣
51%
Ankang 安康Hanbin 漢濱
51%
Ankang 安康Hanyin 漢陰
51%
Xianyang 咸陽Liquan 禮泉
51%
Shangluo 商洛Luonan 洛南
51%
Baoji 寶雞Qishan 岐山
51%
Xianyang 咸陽Sanyuan 三原
51%
Ankang 安康Xunyang 旬陽
51%
Tongchuan 銅川Yijun 宜君
51%
Hanzhong 漢中Zhenba 鎮巴
51%
Ankang 安康Ziyang 紫陽
51%
Weinan 渭南Baishui 白水
49%
Yan'an 延安Huanglong 黃龍
49%
Hanzhong 漢中Lueyang 略陽
49%
Xianyang 咸陽Yongshou 永壽
49%
Yulin 榆林Wubu 吳堡
46%
Xianyang 咸陽Xunyi 旬邑
46%
Yan'an 延安Yichuan 宜川
46%
Weinan 渭南Chengcheng 澄城
43%
Xianyang 咸陽Jingyang 涇陽
43%
Baoji 寶雞Jintai 金台
43%
Hanzhong 漢中Liuba 留壩
43%
Hanzhong 漢中Ningqiang 寧強
43%
Shangluo 商洛Zhashui 柞水
43%
Shangluo 商洛Zhen'An 鎮安
43%
Yan'an 延安Ganquan 甘泉
41%
Shangluo 商洛Shanyang 山陽
41%
Xianyang 咸陽Chunhua 淳化
38%
Ankang 安康Langao 嵐皋
38%
Ankang 安康Ningshan 寧陝
38%
Ankang 安康Shiquan 石泉
38%
Hanzhong 漢中Xixiang 西鄉
38%
Xianyang 咸陽Changwu 長武
35%
Ankang 安康Pingli 平利
32%

Score Distribution

Percentile by Number Answered

Percent of People with Each Score

Your Score History

You have not taken this quiz